书目信息 |
| 题名: |
中国劳动密集型产业发展战略研究
|
|
| 作者: | 张耀辉 著 | |
| 分册: | ||
| 出版信息: | 北京 经济科学出版社 2006 |
|
| 页数: | 344页 | |
| 开本: | 21cm | |
| 丛书名: | 产业经济学研究文库 | |
| 单 册: | ||
| 中图分类: | F423.1 | |
| 科图分类: | ||
| 主题词: | 劳动密集型产业--经济发展战略--研究--中国 | |
| 电子资源: | ||
| ISBN: | 7-5058-5484-4 | |
| 000 | 01220oam2 2200301 450 | |
| 001 | 012004054160 | |
| 005 | 20070807145708.90 | |
| 009 | 012004054160 | |
| 010 | @a7-5058-5484-4@dCNY23.50 | |
| 035 | @a(110019)012006056760 | |
| 100 | @a20060712d2006 em y0chiy0110 ea | |
| 101 | 0 | @achi |
| 102 | @aCN@b110000 | |
| 105 | @ay z 000yy | |
| 106 | @ar | |
| 200 | 1 | @a中国劳动密集型产业发展战略研究@Azhong guo lao dong mi ji xing chan ye fa zhan zhan lue yan jiu@dThe research on strategy for the development of Chinese labor intensive industries@f张耀辉等著@Fzhang yao hui deng zhu@zeng |
| 210 | @a北京@c经济科学出版社@d2006 | |
| 215 | @a344页@d21cm | |
| 225 | 2 | @a产业经济学研究文库@Achan ye jing ji xue yan jiu wen ku |
| 300 | @a国家社会科学基金项目 | |
| 330 | @a本书研究了劳动密集型产业发展战略对中国经济发展和就业的重要作用,提出了以我国丰富的劳动力作为整体竞争优势的工业化发展思路。 | |
| 461 | 0 | @12001 @a产业经济学研究文库 |
| 510 | 1 | @aResearch on strategy for the development of Chinese labor intensive industries@zeng |
| 606 | 0 | @a劳动密集型产业@x经济发展战略@x研究@y中国 |
| 690 | @aF423.1@v4 | |
| 701 | 0 | @a张耀辉@Azhang yao hui@4著 |
| 801 | 0 | @aCN@b110019@c20070807 |
| 905 | @dF423.1@e101@f2 | |
| 中国劳动密集型产业发展战略研究=The research on strategy for the development of Chinese labor intensive industries/张耀辉等著.-北京:经济科学出版社,2006 |
| 344页;21cm.-(产业经济学研究文库) |
| 国家社会科学基金项目 |
| ISBN 7-5058-5484-4:CNY23.50 |
| 本书研究了劳动密集型产业发展战略对中国经济发展和就业的重要作用,提出了以我国丰富的劳动力作为整体竞争优势的工业化发展思路。 |
| ● |
| 相关链接 |
|
|
|
|
正题名:中国劳动密集型产业发展战略研究
索取号:F423.1/101
 
预约/预借
| 序号 | 登录号 | 条形码 | 馆藏地/架位号 | 状态 | 备注 |
| 1 | 0853067 | 208530678 | 第一样本阅览室/ [索取号:F423.1/101] | 在馆 | |
| 2 | 0853068 | 208530687 | 第一借阅区/ [索取号:F423.1/101] | 在馆 |